[Event "Robecchetto op-C 25th"]
[Site "Robecchetto"]
[Date "2014.12.29"]
[Round "6"]
[White "Gonella, Graziano"]
[Black "Vitale, Piero"]
[Result "1-0"]
[WhiteElo "1174"]
[BlackElo "1359"]
[PlyCount "55"]
[EventDate "2014.12.26"]
[EventType "swiss"]
[EventRounds "6"]
[EventCountry "ITA"]
[SourceTitle "EXT 2024"]
[Source "ChessBase"]
[SourceDate "2023.10.10"]
[SourceVersion "1"]
[SourceVersionDate "2023.10.10"]
[SourceQuality "1"]

1. e4 c5 2. Nf3 Nc6 3. d4 e6 4. Be3 b6 5. Bd3 Bb7 6. 0-0 d6 7. Nbd2 h6 8. c3 cxd4 9. cxd4 Nge7 10. a3 d5 11. exd5 Nxd5 12. Re1 Nxe3 13. Rxe3 Nxd4 14. Nxd4 Qxd4 15. Bb5+ Ke7 16. Rd3 Qxb2 17. Rd7+ Kf6 18. Rxb7 Qxb5 19. Ne4+ Ke5 20. Qf3 f5 21. Nc3 Qb2 22. Re1+ Kf6 23. Qg3 Bc5 24. Qe5+ Kg5 25. Rxg7+ Kh5 26. Qg3 Bxf2+ 27. Qxf2 Qxc3 28. Qe2+ 1-0